Responses for show #5879 - Thursday, March 18, 2010

2009-2010 Million Dollar Celebrity Invitational quarterfinal game 7.

Contestants

Cheech Marin, an actor, comedian, director, writer and musician from Lost

Aisha Tyler, an actress, comedian, author and reality-show host from Archer

Anderson Cooper, an anchor from CNN's Anderson Cooper 360°

Jeopardy! Round responses

IS THIS PLACE FOR REAL?
ACTING THE PART
360
THE CONTINENT WHERE YOU'LL FIND...
UTENSILS
"TALK" SOUP
    $200 21
Never Never Land

Cheech
    $200 6
Arnold Schwarzenegger

Cheech
    $200 16
acupuncture

Anderson
    $200 1
(Cheech: What is Mexico?)
(Aisha: What is South America?)

North America

AishaCheech
Triple Stumper
    $200 23
a baster

Cheech
    $200 11
talk radio

Anderson
    $400 22
Camelot

Cheech
    $400 7
Al Pacino

Cheech
    $400 17
redwoods

Aisha
    $400 2
(Aisha: What is the Middle East?)
(Anderson: What is Europe?)

Asia

AndersonAisha
Triple Stumper
    $400 24
(Alex: ...with a minute to go.)

a whisk

Cheech
    $400 12
pillow talk

Cheech
    $600 28
Gotham City

Cheech
    $600 8
Will Ferrell

Anderson
    $600 18
degrees

Anderson
    $600 3
Africa

Aisha
    $600 25
a cleaver

Anderson
    $600 13
double talk

Aisha
    $800 29
Tara

Aisha
    $800 9
Billy Bob Thornton

Triple Stumper
    $800 19
Harvard

Triple Stumper
    $800 4
South America

Aisha
    $800 26
tongs

Cheech
    $800 14
a walkie-talkie

Cheech
    $1,000 30
(Aisha: What... is... oh, I don't know this.)

El Dorado

Aisha
    $1000 10
(Alex: In 2001, yes.)

HAL

Anderson
    $1000 20
(Cheech: Who is Aristotle?)

Plato

Cheech
Triple Stumper
    $1000 5
(Aisha: What is Europe?)

Antarctica

Aisha
Triple Stumper
    $1000 27
a pestle

Cheech
    $1000 15
trash talk

Aisha

Scores at the first commercial break (after clue 15):

Anderson Aisha Cheech
$1,400 $1,400 $1,600

Scores at the end of the Jeopardy! Round:

Anderson Aisha Cheech
$2,800 $1,600 $4,200

Double Jeopardy! Round responses

ART & ARTISTS
BROADWAY MUSICALS
BORN IN EAST LA.
WORLD LEADERS
MINIONS
PLEASANT 4-LETTER WORDS
    $400 3
the Mona Lisa

Aisha
    $400 13
A Chorus Line

Aisha
    $400 12
Poland

Cheech
    $400 9
chlorine (chlorine bleach accepted)

Aisha
    $400 1
love

Aisha
    $800 4
busts

Aisha
    $800 14
(Cheech: What is The Producers?)
(Anderson: What is Frankenstein?)
(Aisha: [Clicks tongue]
Ugh. Ooh.)

Young Frankenstein

AndersonAishaCheech
Triple Stumper
    $800 19
Kim Jong Il

Anderson
    $800 10
chef

Cheech
    $800 2
good

Cheech
    $2,000 6
(Alex: [*] is right. And you're quite--you're quite an accomplished artist--)
(Cheech: A collector.)
(Alex: A collector?)
(Cheech: It's much more... uh, uh, financially solvent.)
[Laughter]

Vincent van Gogh

Cheech
    $1200 25
Riverdance

Anderson
    $1200 20
Czar Nicholas

Anderson
    $1200 11
Sweden

Anderson
    $1200 5
mild

Cheech
    $1600 7
abstract

Cheech
    $1600 24
Finian's Rainbow

Cheech
    $1600 27
[The end-of-round signal sounds.]

Paul Prudhomme

Aisha
    $1600 21
(Cheech: Who is Hussein?)

Assad

AndersonCheech
    $1600 17
flack

Aisha
    $1600 15
dear

Aisha
    $2000 8
The Spirit of '76

Triple Stumper
    $2000 23
Miss Saigon

Cheech
    $2000 26
Canadian football

Cheech
    $2,000 22
(Anderson: Wh-who is... Margaret Thatcher?)
...
(Alex: We're left with a minute.)

Indira Gandhi

Anderson
    $2000 18
Pet Psychic

Anderson
    $2000 16
fine

Triple Stumper

Scores at the end of the Double Jeopardy! Round:

Anderson Aisha Cheech
$8,000 $8,000 $14,200

[wagering suggestions for these scores]

Final Jeopardy! Round responses

AUTHORS
(Alex: And his most famous novel was made into a motion picture right here on this movie lot.)
[Anderson's response was revealed first.]
...
(Cheech: I misread the date... I meant--it looked like 1990.)
(Alex: The book was called The Wizard of Oz. And [*] was the author that we were going for.)
AishaWho is Faulkner
$8,000
AndersonWho
$8,000
CheechWho is Stephen King
$4,000
L. Frank Baum

Final scores:

Anderson Aisha Cheech
$0 $0 $10,200
2nd place: $25,000 to Friend Indeed, Inc. 3rd place: $25,000 to the International Rescue Committee Winner: $50,000 to the Hispanic Scholarship Fund

Game dynamics:

Coryat scores:

Anderson Aisha Cheech
$10,000 $9,000 $13,400
12 R,
3 W
(including 1 DD)
14 R,
5 W
(including 1 DD)
20 R
(including 1 DD),
4 W

Combined Coryat: $32,400

The J! Archive is created by fans, for fans. The Jeopardy! game show and all elements thereof, including but not limited to copyright and trademark thereto, are the property of Jeopardy Productions, Inc. and are protected under law. This website is not affiliated with, sponsored by, or operated by Jeopardy Productions, Inc. Join the discussion at JBoard.tv.